000 00288nam a22001097a 4500
082 _a030
_bMOR-I-19
100 _aMOREHEAD, ALBERT H
245 _aILLUSTRATED WORLD ENCYCLOPEDIA
260 _aNEW YORK
_bTHE NATIONAL LEXICOGRAPHIC BOARD
650 _aGENERAL KNOWLEDGE
_zAMERICA
942 _cBK
999 _c2889
_d2889